| 000 | 00596nam a2200229Ia 4500 | ||
|---|---|---|---|
| 003 | OSt | ||
| 005 | 20221006165306.0 | ||
| 006 | a|||||r|||| 00| 0 | ||
| 007 | ta | ||
| 008 | 221006b |||||||| |||| 00| 0 hin d | ||
| 024 | _a4,483 | ||
| 037 | _cTextual | ||
| 040 |
_aFML _cFML _bhin |
||
| 041 |
_2hin _ahin |
||
| 082 | _a(:f), N8 | ||
| 100 |
_aChaudhary C. S. Au. _9679509 |
||
| 245 | 0 | _aAnusandhan Pravidhiyain | |
| 260 |
_aJaipur _bSublime Publication Insia _c1998 |
||
| 300 |
_a202 _ccm. |
||
| 942 |
_h(:f), N8 _cTEXL _2CC |
||
| 999 |
_c1120306 _d1120306 |
||